000 03619nam a2200445 i 4500
001 ebr10800547
003 CaPaEBR
006 m o d
007 cr cn|||||||||
008 130607t20142014njua ob 001 0 eng|d
020 _z9781617110528 (alk. paper)
020 _a9781617119477 (e-book)
040 _aCaPaEBR
_beng
_erda
_epn
_cCaPaEBR
035 _a(OCoLC)865508537
050 1 4 _aRC1218.C45
_bP43 2014eb
082 0 4 _a617.1/027083
_223
130 0 _aPediatric sports medicine (Slack Incorporated)
245 1 0 _aPediatric sports medicine :
_bessentials for office evaluation /
_cedited by Chris Koutures, Valarie Wong.
264 1 _aThorofare, NJ :
_bSlack Incorporated,
_c[2014]
264 4 _c�2014
300 _a1 online resource (331 pages) :
_billustrations
336 _atext
_2rdacontent
337 _acomputer
_2rdamedia
338 _aonline resource
_2rdacarrier
504 _aIncludes bibliographical references and index.
505 0 _asection I. General information -- section II. Medical issues -- section III. Musculoskeletal issues.
520 _a"Pediatric Sports Medicine: Essentials for Office Evaluation Pediatric Sports Medicine: Essentials for Office Evaluation is a clinically relevant reference presented in a question-and-answer format designed to be a primary resource for all pediatric providers and health care professionals who work closely with children or young adults with sports related injuries. Dr. Chris Koutures and Dr. Valarie Wong explore the topics most commonly asked pertaining to pediatric sports medicine, in a casual, yet informative manner. The unique format of this cutting-edge book provides a rapid reference and "quick look-up" for today's busy practitioner. Pediatric Sports Medicine: Essentials for Office Evaluation includes unique chapters such as key sports medical terms and phrases, how to take a sports medicine history, what imaging studies to order, and how to determine safe return to play for many medical and musculoskeletal concerns. Additional features include: - Information on pediatric sports medicine rehabilitation - Tips on specialty referral - Generous use of tables and figures - Pictures of labeled images and radiographs that highlight key landmarks and points of emphasis. With contributions from many of the experts in the field, Pediatric Sports Medicine: Essentials for Office Evaluation is an easy-to-read resource for any medical practitioner, including physicians, nurse practitioners, physician assistants, residents, medical students, physical therapists, and athletic trainers, and many more, seeking to quickly expand their knowledge of pediatric sports medicine"--Provided by publisher.
588 _aDescription based on print version record.
590 _aElectronic reproduction. Palo Alto, Calif. : ebrary, 2013. Available via World Wide Web. Access may be limited to ebrary affiliated libraries.
650 0 _aPediatric sports medicine.
650 0 _aClinical medicine.
650 0 _aSports injuries in children
_xDiagnosis.
650 0 _aSports injuries in children
_xTreatment.
655 0 _aElectronic books.
700 1 _aKoutures, Chris.
700 1 _aWong, Valarie.
776 0 8 _iPrint version:
_aPediatric sports medicine (Slack Incorporated).
_tPediatric sports medicine : essentials for office evaluation.
_dThorofare, NJ : Slack Incorporated, [2014]
_hxii, 315 pages
_z9781617110528
_w(DNLM)101609938
_w(DLC) 2013022989
797 2 _aebrary.
856 4 0 _uhttp://site.ebrary.com/lib/rucke/Doc?id=10800547
_zAn electronic book accessible through the World Wide Web; click to view
999 _c140435
_d140435